000 00750nam a2200193 u 4500
001 000020740
005 20200930011144.0
008 100813s2015 dr r 000 0 spa d
040 _aDO-SdBNP
_bspa
_cBNPHU
082 _axxx
_bxxxx
100 1 _aHidalgo Rodríguez, Victoria
_943495
245 1 0 _aLa responsabilidad civil en los matrimonios canónicos católicos /
_cVictoria Hidalgo Rodríguez ; prólogo Francisco Antonio Jiménez Rosario.
260 _a[Santo Domingo] :
_b[s.n.],
_c[2015 ].
300 _a75 p. ;
_c26 cm.
500 _aIncluye datos biográficos en la contracubierta
590 _aLa biblioteca posee tres ej. autográfiados
504 _aBibliografía : p. 75
700 1 2 _aJiménez Rosario, Francisco Antonio
_eprólogo
_943496
999 _c20244
_d20244